Verbs and Number : (Registro nro. 21807)

Detalles MARC
000 -LEADER
campo de control de longitud fija 01602cam a2200457 4500
003 - IDENTIFICADOR DE NÚMERO DE CONTROL
campo de control PE-LiUPU
005 - FECHA Y HORA DE LA ÚLTIMA TRANSACCIÓN
campo de control 20250930121757.0
008 - DATOS DE LONGITUD FIJA--INFORMACIÓN GENERAL
campo de control de longitud fija 250930b |||||||| |||| 00| 0 spa d
020 ## - NÚMERO INTERNACIONAL ESTÁNDAR DEL LIBRO
Número Internacional Estándar del Libro 9023225724
035 ## - NÚMERO DE CONTROL DEL SISTEMA
Número de control de sistema (Sirsi) i9789023225720
035 ## - NÚMERO DE CONTROL DEL SISTEMA
Número de control de sistema (Sirsi) 22001
035 ## - NÚMERO DE CONTROL DEL SISTEMA
Número de control de sistema (Sirsi) 22001
040 ## - FUENTE DE CATALOGACIÓN
Lengua de catalogación spa
Centro/agencia transcriptor PE-LiUPU
Centro/agencia modificador PE-LiUPU
Normas de descripción rda
041 ## - CÓDIGO DE IDIOMA
Código de lengua del texto/banda sonora o título independiente en
044 ## - CÓDIGO DEL PAÍS DE LA ENTIDAD EDITORA/PRODUCTORA
Código MARC del país nl
082 04 - NÚMERO DE LA CLASIFICACIÓN DECIMAL DEWEY
Número de clasificación 221.44
Cutter V513v
Número de edición 23
100 1# - ENTRADA PRINCIPAL--NOMBRE DE PERSONA
Nombre de persona Verheij, A. J. C.,
Término indicativo de función/relación autor.
9 (RLIN) 6993
245 ## - MENCIÓN DEL TÍTULO
Título Verbs and Number :
Resto del título a study of the frequencies of the Hebrew verbal tense forms in the books of Samuel, kings, and Chronicles /
Mención de responsabilidad, etc. A. J. C. Verheij,
264 #1 - PRODUCCIÓN, PUBLICACIÓN, DISTRIBUCIÓN, FABRICACIÓN Y COPYRIGHT
Producción, publicación, distribución, fabricación y copyright Assen, The Netherlands :
Nombre del de productor, editor, distribuidor, fabricante Van Gorcum,
Fecha de producción, publicación, distribución, fabricación o copyright 1990
300 ## - DESCRIPCIÓN FÍSICA
Extensión 135 páginas :
Otras características físicas ilustraciones ;
Dimensiones 24 cm
490 0# - MENCIÓN DE SERIE
Mención de serie Studia Semitica Neerlandica
504 ## - NOTA DE BIBLIOGRAFÍA, ETC.
Nota de bibliografía, etc. Incluye bibliografía
505 0# - NOTA DE CONTENIDO CON FORMATO
Nota de contenido con formato Some studies of the language of the book of Chronicles -- Method -- General observations -- Qatol -- Qetol -- Qotel -- Qtol -- Qatal and Yiqtol. --
526 ## - NOTA DE INFORMACIÓN SOBRE EL PROGRAMA DE ESTUDIO
Nombre del programa Comunicación Y Periodismo
526 ## - NOTA DE INFORMACIÓN SOBRE EL PROGRAMA DE ESTUDIO
Nombre del programa Educación, Especialidad Inglés Y Español (A Distancia)
526 ## - NOTA DE INFORMACIÓN SOBRE EL PROGRAMA DE ESTUDIO
Nombre del programa Educación, Especialidad Inglés Y Español
526 ## - NOTA DE INFORMACIÓN SOBRE EL PROGRAMA DE ESTUDIO
Nombre del programa Teología
526 ## - NOTA DE INFORMACIÓN SOBRE EL PROGRAMA DE ESTUDIO
Nombre del programa Educación secundaria, especialidad lingüística e inglés
526 ## - NOTA DE INFORMACIÓN SOBRE EL PROGRAMA DE ESTUDIO
Nombre del programa Ciencias de la comunicación
630 24 - PUNTO DE ACCESO ADICIONAL DE MATERIA--TÍTULO UNIFORME
Título uniforme Biblia
Nombre de parte o sección de la obra Samuel
Subdivisión general Crítica, textual
630 24 - PUNTO DE ACCESO ADICIONAL DE MATERIA--TÍTULO UNIFORME
Título uniforme Biblia
Nombre de parte o sección de la obra Reyes
Subdivisión de forma Vcrítica, textua
630 24 - PUNTO DE ACCESO ADICIONAL DE MATERIA--TÍTULO UNIFORME
Título uniforme Biblia
Nombre de parte o sección de la obra Crónicas
Subdivisión general Crítica, textual
650 14 - PUNTO DE ACCESO ADICIONAL DE MATERIA--TÉRMINO DE MATERIA
Término de materia o nombre geográfico como elemento de entrada Hebreo bíblico
Subdivisión general Tiempo.
650 24 - PUNTO DE ACCESO ADICIONAL DE MATERIA--TÉRMINO DE MATERIA
Término de materia o nombre geográfico como elemento de entrada Lingüística hebrea
Subdivisión general Análisis de frecuencia.
9 (RLIN) 6994
910 ## - DATOS DE OPCIÓN DEL USUARIO (OCLC)
Datos de opción del usuario aj-op
942 ## - ELEMENTOS DE ENTRADA SECUNDARIOS (KOHA)
Fuente del sistema de clasificación o colocación Clasificación Decimal Dewey
Tipo de ítem Koha
949 ## - PROCESAMIENTO DE INFORMACIÓN LOCAL (OCLC)
a 492.4 V51
i 44934
l POSTGRADO
m BUL
t LIBRO
o .STAFF. Posgrado
980 ## - EQUIVALENCIA O REFERENCIA-CRUZADA-MENCIÓN DE SERIE--NOMBRE DE PERSONA/TÍTULO [LOCAL, CANADÁ]
ID del último usuario que modificó el registro 18226
Nombre del último usuario que modificó el registro Jaime Vilcazán Jefe de Análisis Documental
Existencias
Visto por última vez Número de inventario Total de préstamos Signatura topográfica completa Código de barras Fecha del último préstamo Copia número Fecha de reemplazo Facultad Tipo de ítem Koha Nota pública Estado de pérdida Fuente del sistema de clasificación o colocación Restricciones de uso No para préstamo Colección Programa académico Biblioteca de origen Biblioteca actual Ubicación en estantería Fecha de adquisición Fuente de adquisición
2025-12-02 6 1 221.44 V513v 44934 2025-09-30 e1 2015-06-24 Teología Libros físicos inventario-2023-12-13 No Perdido Clasificación Decimal Dewey No restringido Disponible para préstamos Colección General Teología Biblioteca CRAI UPeU Lima Biblioteca CRAI UPeU Lima Sala principal 2015-06-24 COMPRA